| 000 | 00693ngm a2200181 a 4500 | ||
|---|---|---|---|
| 005 | 20210219150755.0 | ||
| 008 | 991125s1977 mx 026 aaspa u | ||
| 035 | _aUPN01000020990 | ||
| 049 | _aAV | ||
| 050 | 4 | _aPVI N 0221 | |
| 245 | 0 | 3 | _aEl espíritu del romanticismo. |
| 260 |
_aMéxico : _bPelículas Ebesa, _cc1977. |
||
| 300 |
_a1 videocasete (VHS) (26 min.) : _bson., col. |
||
| 520 | _aEl romanticismo dominó a Europa por cerca de cien años, es considerado como la libre expresión de los pensamientos y sentimientos, envuelve a todo el arte : música, pintura, literatura, poesía, etc. | ||
| 650 | 4 | _aROMANTICISMO | |
| 650 | 4 | _aROMANTICISMO EN EL ARTE | |
| 905 | _aAudiovisuales | ||
| 999 |
_c20990 _d20990 |
||